000 00342nam a22000857a 4500
008 230211b ||||| |||| 00| 0 eng d
100 _aThe Global Philatelic Network
245 _aLondon 2015 Europhilex Rarities Auction
650 _aGreat Britain|British Commonwealth|Albania|Bosnia|China|Denmark|German States|Iran|Japan|Romania|Sweden|United States
999 _c3485
_d3485